00600nam a22001817a 4500003000400000005001700004008004100021020001800062040002100080050002200101245005300123260008100176300002700257440005900284504002000343650003600363700001900399OSt20220412130457.0220412b ||||| |||| 00| 0 eng d a9780073397153 cALUPE UNIVERSITY aBJ1012b.T35 2008 aTAKING SIDES : bClashing views on Moral Issues. aUnited States of America.bMcGraw-Hill Contemporary Learning Series.cc2008. axxii, 378p. ;c23.5cm. aTAKING SIDES: Clashing View on Moral Issues.x10947604 aIncludes index. aClashing Views on Moral Issues. aSatris Stephen